000 01166nam a22003377a 4500
003 CHAP
005 20220329134417.0
008 971013s1986 r 00010 d
010 _a20105
011 _a21077
035 _a25166
040 _cCHAP
082 _a632.95
_bC4 1986
110 _aCentro Panamericano de Ecología Humana y Salud
_921257
245 1 _aPlaguicidas
_b: la prevención de riesgos en su uso
250 _a2 ed.
260 _aMetepes, Méx. :
_bEl Centro,
_c1986
300 _a205 p.
590 _aBATCH-UPD
_b10
_c20130110
_lUCH01
_h1201
590 _aBATCH-UPD
_b10
_c20130410
_lUCH01
_h0744
590 _aBATCH-UPD
_b10
_c20130914
_lUCH01
_h1852
590 _aCONVERSION
_b10
_c20130109
_lUCH01
_h1312
650 1 4 _aPesticidas
_xMedidas de Seguridad.
_987564
650 1 4 _aPesticidas
_xToxicidad.
_987571
710 0 _aOrganización Mundial de la Salud.
_983555
710 0 _aOrganización Panamericana de la Salud.
_983557
901 _aBK
942 _cLIBRO
949 _a632.95 C4 1986
_bBC
_cLIBRO
_d33724000663985
_eLIBRO
_gI. 135590
_h70627
_i25166
_si
949 _a632.95 C4 1986
_bBC
_cLIBRO
_d33724002176330
_eLIBRO
_fc.2
_h112736
_i25166
_sb
999 _c20105
_d20105